Finnsementti-visa - Statistics

Yleistilastot
  • Tätä visaa on pelattu 5 kertaa
  • Keskiarvotulos 14 / 20
Vastaustilastot
Vihje Vastaus % Oikein
Finnsementin alihankkija ja tiiviisti yhteistyössä toimiva kalkkikiven tuottaja Nordkalk
100%
Sementtitehtaan ja pääkonttorin sijainti Parainen
100%
Perustamisvuosi 1914
75%
Yrityskonserni, jonka osa Finnsementti on CRH
75%
Ensimmäinen, 1955 asti toiminut toimitusjohtaja Emil {Sarlin}
75%
Entisten sementtitehtaiden sijainnit Kolari
75%
Toisen sementtitehtaan sijainti Lappeenranta
75%
Entisten sementtitehtaiden sijainnit Lohja
75%
Sementtilaivan nimi MV Furuvik
75%
Vuonna 2020 markkinoille tuotu Finnsementin myydyin sementtilaatu {Oiva}-sementti
75%
Erityisen nopean lujuudenkehityksen sementit {Pika}sementti
75%
Kyseisen sementin edeltäjä {Plus}sementti
75%
Kuonajauhetehtaan sijainti Raahe
75%
Erityisen nopean lujuudenkehityksen sementit {Rapid}sementti
75%
Samaan konserniin kuuluva suomalainen betoniyritys ja Finnsementin suurin asiakas Rudus
75%
Asiakaslehden nimi Sementti
75%
Sementin lujuuden- ja lämmönkehityksen mallintamiseen tarkoitettu ohjelma Betometri
50%
"Suomalaisten sementtitehtaiden hovihankkija", mm. 2007 uuden sementtiuunin toimittanut yritys F.L. {Smidth} A/S
50%
Konserni, johon Finnsementti kuului 1990-luvulla Scancem
50%
CEM III/A-tyypin vähähiilinen sementti {Kolmos}sementti
25%
Ehtoja vastaavia visoja ei löytynyt
Tulosjakauma
Jokaisen tuloksen saaneiden osuus
Persentiili vastausten määrän mukaan
Tuloshistoriasi
Et ole pelannut tätä visaa